000 00724 a2200193 4500
020 _a0387280804
020 _a9780387280806
082 _a519.23
090 _c1143
_d1143
100 1 _aChorin, Alexandre J.
245 1 0 _aStochastic tools in mathematics and science /
_cAlexandre J. Chorin, Ole H. Hald.
260 _a[S.l.] :
_bSpringer,
_c2005.
300 _a147 p. ;
_c23 cm.
490 1 _aSurveys and tutorials in the applied mathematical sciences.
700 1 _aHald, Ole H.
830 0 _aSurveys and tutorials in the applied mathematical sciences.
942 _aSNS
_cBK
_k519.23 CHO
999 _c29757
_d29757